Mem

Bibliographic Details
Main Author: Akula M.D
Format: Book
Published: Kuala Lumpur : Creative Enterprise 995
Series:Gila-Gila

MARC

LEADER 00000cam a2200000 7i4500
001 0000007463
002 000008022
005 20000330.0
020 |a 9838932574 
090 0 0 |a F   |b MAT 
100 0 |a Akula M.D 
245 1 0 |a Mem   |c Akula M.D 
260 |a Kuala Lumpur :   |b Creative Enterprise 995 
300 |a 173 p. ;   |c 18 cm. 
490 0 |a Gila-Gila 
999 |a 052108   |b BUKU   |c PINJAMAN   |e PERPUSTAKAAN KOMUNITI PETALING JAYA 
999 |a 052109   |b BUKU   |c PINJAMAN   |e PERPUSTAKAAN KOMUNITI PETALING JAYA 
999 |a 052110   |b BUKU   |c PINJAMAN   |e PERPUSTAKAAN KOMUNITI PETALING JAYA 
999 |a 054936   |b BUKU   |c FICTION   |e PERPUSTAKAAN KOMUNITI CAW KOTA DAMANSARA 
999 |a 055484   |b BUKU   |c PINJAMAN   |e PERPUSTAKAAN KOMUNITI CAW KOTA DAMANSARA 
999 |a 055485   |b BUKU   |c FICTION   |e PERPUSTAKAAN KOMUNITI PETALING JAYA